| 000 | 00581nam a2200217Ia 4500 | ||
|---|---|---|---|
| 003 | OSt | ||
| 005 | 20230317153402.0 | ||
| 008 | 210210b2002 xxu||||| |||| 00| 0 eng d | ||
| 020 | _a8185015961 | ||
| 040 | _cAL | ||
| 041 | _aeng | ||
| 082 | _a001.535 HOPI | ||
| 100 |
_aHOPCROFT (John E) _976215 |
||
| 245 | _aIntroduction to automata theory, languages, and computation | ||
| 260 |
_aNew Delhi _bNarosa Publishing House _c2002 |
||
| 300 | _axii,418 | ||
| 690 |
_aArtificial Intelligence _976216 |
||
| 700 |
_aULLMAN (Jeffrey) _976217 |
||
| 906 | _a064849 | ||
| 942 |
_2ddc _cBK |
||
| 999 |
_c141936 _d141936 |
||